000 00236 a2200097 4500
001 38595
100 _aYoda J
245 _aRolling bearings for industrial robots
260 _aSingapore
_bGordon & Breach
_c1990
090 _c24466
_d24466
942 _aNUST-CAE
_cM
_c16076
999 _c273668
_d273668